000
00268nam a2200097Ia 4500
001
1206631
005
20251015102345.0
008
250824s9999 xx 000 0 und d
245
0
_a
MESNEVİDEN SEÇMELER
_c
DERYA ÖRS
260
_b
MİLLİ EĞİTİM BAKANLIĞI YAYINLARI
999
_c
1206631
_d
1206631